| 000 | 00618nam a2200193 a 4500 | ||
|---|---|---|---|
| 003 | MX-MxUPN | ||
| 005 | 20230524063612.0 | ||
| 008 | 220311s1914 mx |||||r|||| 000 0 spa d | ||
| 040 |
_aMX-MxUPN _bspa _cMX-MxUPN |
||
| 041 | 0 | _aspa | |
| 049 | _aLT | ||
| 050 | 4 |
_aLB1589 M6 _bR3.4 1914 |
|
| 100 | 1 |
_aRamos, José Manuel _943958 |
|
| 245 | 1 | 0 |
_aIndicaciones metodológicas para la enseñanza de la aritmética elemental / _cJosé Manuel Ramos. |
| 260 |
_aMéxico : _bLibrería de la Viudad de Ch. Bouret, _c1914. |
||
| 300 | _a155 p. | ||
| 650 | 4 |
_aAritmética _xEstudio y enseñanza (Elemental) _95289 |
|
| 905 | _aLibro | ||
| 999 |
_c208262 _d208262 |
||